Statistiques concernant Paroles Blanka PNL

Cliquez ici pour prendre le quiz!

Statistiques générales

  • Ce quiz a été pris 125 fois
  • Le résultat moyen est 254 sur 396

Statistiques - réponses

Réponse% Correct
à
91%
À
91%
De
91%
Blanka
89%
La
89%
Le
89%
Ma
88%
Un
88%
Peu
87%
Je
86%
Me
86%
Ce
83%
Comme
83%
Igo
81%
Que
81%
Rien
80%
J’suis
79%
Les
79%
Pas
79%
Cet
78%
Il
78%
Moi
78%
Sans
78%
Ça
76%
Mais
76%
Oseille
76%
Pour
76%
J’ai
75%
J'ai
75%
Noir
75%
Tous
74%
Miens
73%
Mon
73%
« Mon
73%
73%
Ou
73%
Par
73%
Sur
73%
Toi
73%
Louche
72%
Tu
72%
Beaucoup
71%
Coco
71%
Dans
71%
Elle
71%
J’me
71%
Peur
71%
Si
69%
Sanka
68%
Corbeil
67%
Du
67%
Espoir
67%
Joue
67%
L’aide
67%
Des
66%
Et
66%
Flow
66%
J’essaie
66%
M’adoucir
66%
Ne
66%
Peuf
66%
Au
65%
Balaie
65%
D’la
65%
En
65%
Garde
65%
Kaka
65%
M’rend
65%
Qui
65%
Tordu
65%
Vie
65%
Vin
65%
C’est
64%
C'est
64%
AD
63%
Blanc
63%
Cette
63%
Dos
63%
Gens
63%
L’humain
63%
Suis
63%
J'fais
62%
J’fais
62%
Larmes
62%
Reste
62%
Sous
62%
Quelques
61%
Rue
61%
Biens
60%
Bonne
60%
L’odeur
60%
Survolté
60%
Taquine
60%
Toujours
60%
Ville
60%
Avant
59%
Avec
59%
J’serais
59%
L’av’nir
59%
L’kéké
59%
L'kéké
59%
L’meme
59%
Putes
59%
Construisant
58%
J’la
58%
L’avenir
58%
Sais
58%
Sentiments
58%
Connais
57%
Croire
57%
Demain
57%
Détruit
57%
Fuir »
57%
Mal
57%
M’ennuie
57%
N’est
57%
Putain
57%
Quand
57%
Question
57%
Roule
57%
Tour
57%
Aux
56%
Devrais
56%
J’dis
56%
Ombre
56%
Plus
56%
Qu’elle
56%
Remets
56%
Trop
56%
100%
55%
Baiserais
55%
Cash
55%
Casquette
55%
Change
55%
Déconner
55%
D’l’argent
55%
Encore
55%
J’attire
55%
Les murs
55%
Mieux
55%
Nuit
55%
Parles
55%
Roi
55%
Savait
55%
10%
54%
Blanches
54%
Couilles
54%
C’que
54%
D’vie
54%
J’tennais
54%
J’vaux
54%
L’tour
54%
Part
54%
Temps
54%
Cache
53%
Chambre
53%
Être
53%
Gang
53%
M’demandent
53%
Une
53%
Y’a
53%
Bats
52%
Bide
52%
Coup
52%
Bats
52%
Gland
52%
Jamaïca
52%
J’deviendrais
52%
T'abîmes
52%
T’abîmes
52%
Très
52%
Triple
52%
Bite
51%
Bouche
51%
J’disais
51%
J’veux
51%
M’épauler
51%
M’rappellera
51%
Prolongations
51%
S’rappelle
51%
Trentaine
51%
D’ange
49%
Faudra
49%
J’sors
49%
Tics
49%
Catine
48%
C’temps
48%
Doré
48%
D’rein
48%
J’mets
48%
J’souris
48%
Oeil
48%
Bang
47%
J’prie
47%
Sors
47%
Vide
47%
Bonheur
46%
L’envers
46%
Location
46%
Pourtant
46%
Billets
45%
D’mes
45%
Douilles
45%
J’vois
45%
M’fait
45%
Noires
45%
vert
45%
Chrono
44%
Dur
44%
Gourde
44%
J’passe
44%
L’regard
44%
J’compte
43%
J’m’enfonce
43%
Pièce
43%
D’cent
42%
Équipe
42%
L’monde
42%
L’shlag
41%
Passe
41%
Serein
41%
Fier
40%
Humble
40%
Recherche
40%
L’flow
39%
Nerveux
39%
Visage
39%
Liquide
38%
Pronation
38%
Ton
38%
Parfum
37%
Époque
36%
L’cœur
36%
J’fume
35%
Corps
34%
Hmm
34%
J’cache
33%
Puis
33%
Chain
31%
J’adoucie
28%
J’tractionne
28%
Avant-hier
25%

Distribution des résultats

Percentile par nombre de réponses

% des personnes avec chaque résultat

Votre développement - résultats

Vous n’avez pas pris ce quiz